| 000 | 00505nam a2200169Ia 4500 | ||
|---|---|---|---|
| 003 | OSt | ||
| 005 | 20260303104542.0 | ||
| 008 | 211028s2003 xx 000 0 und d | ||
| 040 | _cAIMIT LIBRARY | ||
| 041 | _aeng | ||
| 100 |
_aH V Raghavendra;Gunaseelan, A. _g92172 _92234 |
||
| 110 |
_aGunaseelan, A _92235 |
||
| 245 | _aApplication of object oriented approach and UML methodology to the on board software / | ||
| 260 |
_aBangalore _c2003 |
||
| 710 |
_aISRO Satellite Center _92236 |
||
| 942 |
_2ddc _cPRO |
||
| 999 |
_c216829 _d216829 |
||